| 000 | 00579nam a22001577a 4500 | ||
|---|---|---|---|
| 020 | _a9780070703476 | ||
| 082 | _a005.2762 | ||
| 100 | _aBurns, Ed | ||
| 245 | _aThe Complete Reference JavaServer Faces 2.0: The complete reference | ||
| 260 |
_aNew Delhi (India) _bTata McGraw Hill _c2010 |
||
| 300 |
_axxix, 722 p. _bill:, _ehttp://10.3.26.150:8080/cgi-bin/koha/cataloguing/addbiblio.pl?biblionumber=7821# |
||
| 500 | _aIncludes index. | ||
| 650 | _a1. JavaServer pages. 2. Web sites --Design. 3. Web site development. | ||
| 700 | _aSchalk, Chris and Griffin Neil | ||
| 942 | _cBK | ||
| 999 |
_c11917 _d11917 |
||